| 000 | 00000nas##2200000za#4500 |
| 001 | 9.505115 |
| 003 | CaOODSP |
| 005 | 20210615082344 |
| 007 | cr ||||||||||| |
| 008 | 150406c2004||||xxc|| m o||||f| |0eng|d |
| 040 | |aCaOODSP|beng |
| 043 | |an-cn--- |
| 086 | 1 |aEn153-113E-PDF |
| 110 | 1 |aCanada.|bEnvironment Canada. |bEco-Technology Innovation Section. |
| 245 | 10|aTechnological innovation |h[electronic resource] |
| 260 | |aMontreal - Quebec : |bEnvironment Canada. |
| 310 | |aIrregular |
| 520 | 3 |aThis data sheet series disseminates the results of technology development and demonstration projects. Data sheets cover the following areas: wastewater, atmospheric emissions, contaminated soil, waste management, hazardous waste, agri-environment, and innovative tools and processes. |
| 690 | 07|aEnvironment|2gcpds |
| 690 | 07|aTechnological innovation|2gcpds |
| 775 | 08|tInnovation technologique |w(CaOODSP)9.501516 |
| 776 | 0#|tTechnological innovation |w(CaOODSP)9.515213 |